| 000 | 00566nam a22001817a 4500 | ||
|---|---|---|---|
| 003 | OSt | ||
| 005 | 20240722024435.0 | ||
| 008 | 240722b |||||||| |||| 00| 0 eng d | ||
| 020 | _a978-621-406-158-7 | ||
| 040 |
_aDWC- Main Lib _cOC |
||
| 082 | _aFil. 631.07078 C591p 2018 | ||
| 100 | _aClaravall, Drolly | ||
| 245 |
_aPhysical education 1 : _bmovement enhancement / _cDrolly Claravall. |
||
| 260 |
_aRecoletos St. , Manila : _bMindshapers Co. Inc, _cc2018. |
||
| 300 |
_avii , 105 pages ; _c23cm. |
||
| 650 | _a1. Movement enhancement | ||
| 942 |
_2ddc _cBK - FIL _n1 |
||
| 999 |
_c2496 _d2496 |
||